[Event "Newmarket Aurora Spring op"]
[Site "Newmarket"]
[Date "2019.03.31"]
[Round "4.6"]
[White "Feng, Richard"]
[Black "Noritsyn, Sergey"]
[Result "0-1"]
[WhiteElo "2065"]
[BlackElo "2300"]
[PlyCount "88"]
[EventDate "2019.03.30"]
[EventType "swiss"]
[EventRounds "5"]
[EventCountry "CAN"]
[SourceTitle "EXT 2022"]
[Source "ChessBase"]
[SourceDate "2021.10.06"]
[SourceVersion "1"]
[SourceVersionDate "2021.10.06"]
[SourceQuality "1"]

1. e4 c5 2. Nf3 d6 3. d4 cxd4 4. Nxd4 Nf6 5. Nc3 a6 6. Bc4 e6 7. Bb3 Nbd7 8. 0-0 Nc5 9. Re1 Be7 10. f4 0-0 11. e5 dxe5 12. fxe5 Nxb3 13. Nxb3 Qxd1 14. Rxd1 Ng4 15. Bf4 g5 16. Bg3 b5 17. Rd3 Bd8 18. Ne4 Bb6+ 19. Kh1 Bb7 20. Nbc5 Bd5 21. h3 f5 22. exf6 Bxc5 23. Nxc5 Nxf6 24. Bd6 Rf7 25. Rf1 Bc4 26. Rxf6 Rxf6 27. Rg3 h6 28. Ne4 Rf1+ 29. Kh2 Bd5 30. Rg4 Bxe4 31. Rxe4 Kf7 32. Kg3 Rc8 33. c3 Rd8 34. Rd4 Rf5 35. Kg4 Rd5 36. Bc5 Rxd4+ 37. Bxd4 Kg6 38. Kf3 e5 39. Be3 Kf5 40. g4+ Ke6 41. Ke2 Kd5 42. Kd3 Rf8 43. Kd2 Ke4 44. b3 Rf3 0-1

[Event "Newmarket Aurora Spring op"]
[Site "Newmarket"]
[Date "2019.03.30"]
[Round "1.7"]
[White "Chen, Max"]
[Black "Feng, Richard"]
[Result "1-0"]
[WhiteElo "2271"]
[BlackElo "2065"]
[PlyCount "79"]
[EventDate "2019.03.30"]
[EventType "swiss"]
[EventRounds "5"]
[EventCountry "CAN"]
[SourceTitle "EXT 2022"]
[Source "ChessBase"]
[SourceDate "2021.10.06"]
[SourceVersion "1"]
[SourceVersionDate "2021.10.06"]
[SourceQuality "1"]

1. e4 c5 2. Nf3 d6 3. Bb5+ Nd7 4. 0-0 a6 5. Bd3 g6 6. c3 Bg7 7. Bc2 Ne5 8. Nxe5 dxe5 9. d3 Nf6 10. f4 Bg4 11. Qd2 exf4 12. Qxf4 Be6 13. Be3 Rc8 14. Nd2 Ng4 15. Qf3 Ne5 16. Qe2 Bg4 17. Qf2 0-0 18. Bxc5 Nxd3 19. Bxe7 Nxf2 20. Bxd8 Nxe4 21. Nxe4 Rcxd8 22. Ng5 Rd5 23. h4 h6 24. Bb3 Rf5 25. Rxf5 gxf5 26. Nf3 Bf6 27. Rd1 f4 28. Rd6 Be7 29. Rg6+ Kh7 30. Rxg4 Bd6 31. h5 b5 32. Nd4 Be5 33. Bc2+ Kh8 34. Nf5 Kh7 35. Kf2 b4 36. cxb4 Bxb2 37. Rxf4 Bc1 38. Rc4 Rd8 39. Be4 Rd2+ 40. Ke1 1-0

[Event "Mississauga Golden Horseshoe op"]
[Site "Mississauga"]
[Date "2018.06.02"]
[Round "1"]
[White "Buscar, Michael"]
[Black "Feng, Richard"]
[Result "1-0"]
[WhiteElo "2103"]
[BlackElo "1721"]
[PlyCount "37"]
[EventDate "2018.06.02"]
[EventType "swiss"]
[EventRounds "5"]
[EventCountry "CAN"]
[SourceTitle "EXT 2019"]
[Source "ChessBase"]
[SourceDate "2018.10.10"]
[SourceVersion "1"]
[SourceVersionDate "2018.10.10"]
[SourceQuality "1"]

1. d4 f5 2. g3 g6 3. Bg2 Nf6 4. Nh3 Bg7 5. Nd2 d5 6. Nf3 0-0 7. Nf4 Ne4 8. h4 Rf6 9. c3 c6 10. Nd3 h5 11. Bf4 Nd7 12. Nfe5 Qb6 13. Qb3 Re6 14. Nxd7 Bxd7 15. Bxe4 Rxe4 16. Nc5 Be6 17. f3 Rxf4 18. Qxb6 axb6 19. Nxe6 1-0

[Event "Mississauga Golden Horseshoe op"]
[Site "Mississauga"]
[Date "2018.06.02"]
[Round "3"]
[White "Kang, Dorian"]
[Black "Feng, Richard"]
[Result "0-1"]
[WhiteElo "1954"]
[BlackElo "1721"]
[PlyCount "108"]
[EventDate "2018.06.02"]
[EventType "swiss"]
[EventRounds "5"]
[EventCountry "CAN"]
[SourceTitle "EXT 2019"]
[Source "ChessBase"]
[SourceDate "2018.10.10"]
[SourceVersion "1"]
[SourceVersionDate "2018.10.10"]
[SourceQuality "1"]

1. c4 e5 2. Nc3 f5 3. d4 exd4 4. Qxd4 Nf6 5. Nf3 Nc6 6. Qd1 Bb4 7. Bd2 0-0 8. a3 Be7 9. e3 d6 10. Be2 Be6 11. Nd4 Qd7 12. 0-0 Ne5 13. b3 c5 14. Nxe6 Qxe6 15. Bf3 Nxf3+ 16. Qxf3 Ne4 17. Nxe4 fxe4 18. Qe2 Bf6 19. Rac1 Bb2 20. Rc2 Bxa3 21. Ra1 Bb4 22. Bxb4 cxb4 23. Qd2 a5 24. Qd4 Rf5 25. Rd2 Ra6 26. Rda2 Rc5 27. Ra4 Rg5 28. g3 Rh5 29. h4 Qg4 30. Qd1 Qxd1+ 31. Rxd1 b5 32. cxb5 Rxb5 33. Rd4 d5 34. Ra1 Rc6 35. Rad1 Rcc5 36. Kf1 Kf7 37. Ke2 Ke6 38. Kd2 Rc3 39. Rb1 Rbc5 40. Kd1 h5 41. Rd2 Ke5 42. Ra2 Rd3+ 43. Ke2 Rdc3 44. Kd1 d4 45. exd4+ Kxd4 46. Rba1 Rxb3 47. Rxa5 Rxa5 48. Rxa5 Ra3 49. Rxh5 Ra2 50. Rb5 Kc4 51. Re5 Rxf2 52. Rxe4+ Kd3 53. Re1 Ra2 54. Kc1 Ra1+ 0-1

[Event "Scarborough CC-ch"]
[Site "Toronto"]
[Date "2018.04.05"]
[Round "1"]
[White "Feng, Richard"]
[Black "Southam, David"]
[Result "0-1"]
[WhiteElo "1745"]
[BlackElo "2059"]
[PlyCount "88"]
[EventDate "2018.04.05"]
[EventType "swiss"]
[EventRounds "8"]
[EventCountry "CAN"]
[SourceTitle "EXT 2024"]
[Source "ChessBase"]
[SourceDate "2023.10.10"]
[SourceVersion "1"]
[SourceVersionDate "2023.10.10"]
[SourceQuality "1"]

1. e4 e6 2. Nf3 d5 3. e5 c5 4. b4 cxb4 5. a3 Nc6 6. axb4 Bxb4 7. c3 Bf8 8. d4 Nge7 9. Bd3 Nf5 10. Nbd2 Be7 11. g4 Nh4 12. Nxh4 Bxh4 13. Nf3 Be7 14. Qc2 h6 15. Rg1 g6 16. Rg3 Qc7 17. Rh3 Bf8 18. Ng5 Bg7 19. Bxg6 hxg5 20. Rf3 Nxd4 21. Qa4+ Nc6 22. Rxf7 Qxf7 23. Bxf7+ Kxf7 24. Bxg5 Bxe5 25. Ra3 Bd7 26. h4 b6 27. h5 Bd6 28. Ra2 Rab8 29. f4 a5 30. Qb3 Bc5 31. Rd2 Ra8 32. Qc2 Rag8 33. Qb3 Ne5 34. Rxd5 exd5 35. Qxd5+ Be6 36. Qxe5 Be7 37. Bxe7 Kxe7 38. f5 Rh6 39. Kf2 Rxg4 40. Kf3 Rg5 41. Ke3 Rf6 42. Kd2 Rgxf5 43. Qc7+ Bd7 44. Qh2 Rf2+ 0-1

[Event "Scarborough CC Howard Ridout"]
[Site "Toronto"]
[Date "2017.10.19"]
[Round "6.8"]
[White "Ghazarian, Tigran"]
[Black "Feng, Richard"]
[Result "0-1"]
[WhiteElo "1707"]
[BlackElo "1925"]
[PlyCount "58"]
[EventDate "2017.09.14"]
[EventType "swiss"]
[EventRounds "7"]
[EventCountry "CAN"]
[SourceTitle "EXT 2022"]
[Source "ChessBase"]
[SourceDate "2021.10.06"]
[SourceVersion "1"]
[SourceVersionDate "2021.10.06"]
[SourceQuality "1"]

1. e4 c5 2. Nf3 d6 3. c3 Nf6 4. h3 Bd7 5. Bd3 Nc6 6. Bc2 e5 7. a3 Rc8 8. 0-0 Be7 9. Re1 0-0 10. Bb3 Be6 11. d3 b5 12. Bxe6 fxe6 13. Qb3 c4 14. dxc4 bxc4 15. Qxc4 Nd4 16. Qd3 Nb3 17. Ra2 d5 18. Be3 Nxe4 19. Nxe5 Bc5 20. Nf3 e5 21. Rd1 Nxf2 22. Bxf2 e4 23. Qxd5+ Qxd5 24. Rxd5 exf3 25. Bxc5 Rxc5 26. Rxc5 f2+ 27. Kf1 Nxc5 28. b4 Ne4 29. Re2 Ng3# 0-1

[Event "Wch U14"]
[Site "Montevideo"]
[Date "2017.09.25"]
[Round "10"]
[White "Bettalli, Francesco"]
[Black "Feng, Richard"]
[Result "0-1"]
[WhiteElo "2163"]
[BlackElo "1648"]
[PlyCount "70"]
[EventDate "2017.09.17"]
[EventType "swiss"]
[EventRounds "11"]
[EventCountry "URU"]
[SourceTitle "EXT 2018"]
[Source "ChessBase"]
[SourceDate "2017.10.13"]
[SourceVersion "1"]
[SourceVersionDate "2017.10.13"]
[SourceQuality "1"]

1. d4 f5 2. g3 Nf6 3. Bg2 g6 4. Nf3 Bg7 5. 0-0 0-0 6. c4 d6 7. Nc3 Nc6 8. d5 Ne5 9. Nd2 g5 10. f4 Neg4 11. Nf3 gxf4 12. Bxf4 Nh5 13. Qd2 Nxf4 14. gxf4 e5 15. h3 Bh6 16. e3 e4 17. Nd4 Nf6 18. b4 a5 19. a3 Ra6 20. Rfb1 Nh5 21. Qf2 Qf6 22. Nce2 Kh8 23. b5 Ra8 24. b6 Rf7 25. Nb5 c5 26. Ra2 Bd7 27. Qe1 Rg7 28. Qc3 Qg6 29. Nc1 Rag8 30. Rbb2 Bxb5 31. Rxb5 Qg3 32. Rb3 Qxh3 33. Kf1 Qh4 34. Rf2 Nf6 35. Rbb2 Rxg2 0-1

[Event "Wch U14"]
[Site "Montevideo"]
[Date "2017.09.24"]
[Round "9"]
[White "Abdilkhair, Abilmansur"]
[Black "Feng, Richard"]
[Result "1-0"]
[WhiteElo "1968"]
[BlackElo "1648"]
[PlyCount "49"]
[EventDate "2017.09.17"]
[EventType "swiss"]
[EventRounds "11"]
[EventCountry "URU"]
[SourceTitle "CBM 180 Extra"]
[Source "ChessBase"]
[SourceDate "2017.10.06"]
[SourceVersion "1"]
[SourceVersionDate "2017.10.06"]
[SourceQuality "1"]

1. e4 c5 2. g3 Nc6 3. Bg2 g6 4. Ne2 Bg7 5. 0-0 Nf6 6. c3 0-0 7. d4 d6 8. Na3 e5 9. dxc5 dxc5 10. Nc4 Be6 11. Ne3 Qc7 12. Nd5 Nxd5 13. exd5 Rad8 14. Bg5 f6 15. Be3 Ne7 16. c4 b5 17. Nc3 bxc4 18. dxe6 Rxd1 19. Raxd1 Rd8 20. Rxd8+ Qxd8 21. Rd1 Qb6 22. Ne4 Qxb2 23. Rd8+ Bf8 24. Nxf6+ Kg7 25. Rxf8 1-0

[Event "CAN-ch U14"]
[Site "Sault Ste Marie"]
[Date "2017.07.10"]
[Round "7.35"]
[White "Papneja, Arul"]
[Black "Feng, Richard"]
[Result "0-1"]
[WhiteElo "1682"]
[BlackElo "1866"]
[PlyCount "48"]
[EventDate "2017.07.06"]
[EventType "swiss"]
[EventRounds "7"]
[EventCountry "CAN"]
[SourceTitle "EXT 2022"]
[Source "ChessBase"]
[SourceDate "2021.10.06"]
[SourceVersion "1"]
[SourceVersionDate "2021.10.06"]
[SourceQuality "1"]

1. e4 c5 2. Ne2 Nc6 3. Nbc3 g6 4. d4 cxd4 5. Nxd4 Bg7 6. Be3 d6 7. Qd2 Nf6 8. f3 0-0 9. 0-0-0 d5 10. Kb1 e6 11. exd5 Nxd5 12. Nxc6 bxc6 13. Bd4 Bxd4 14. Qxd4 e5 15. Qd3 Nxc3+ 16. bxc3 Qb6+ 17. Kc1 Rb8 18. Qe4 Bf5 19. Qa4 Qe3+ 20. Rd2 Qe1+ 21. Rd1 Rb1+ 22. Kxb1 Qxd1+ 23. Kb2 Rb8+ 24. Ka3 Qc1# 0-1

[Event "CAN-ch U12"]
[Site "Sault Ste Marie"]
[Date "2017.07.06"]
[Round "2.67"]
[White "Feng, Richard"]
[Black "Eirew, David"]
[Result "0-1"]
[WhiteElo "1164"]
[BlackElo "678"]
[PlyCount "90"]
[EventDate "2017.07.06"]
[EventType "swiss"]
[EventRounds "7"]
[EventCountry "CAN"]
[SourceTitle "EXT 2022"]
[Source "ChessBase"]
[SourceDate "2021.10.06"]
[SourceVersion "1"]
[SourceVersionDate "2021.10.06"]
[SourceQuality "1"]

1. d4 d5 2. c4 Nf6 3. Nc3 c6 4. Nf3 Bf5 5. Bg5 Nbd7 6. e3 h6 7. Bh4 Qc7 8. Qb3 e6 9. Bg3 Qb6 10. Nd2 Qxb3 11. Nxb3 dxc4 12. Bxc4 Nb6 13. Be2 Be7 14. 0-0 0-0 15. f3 Nh5 16. Be1 Bc2 17. e4 Bxb3 18. axb3 c5 19. f4 cxd4 20. Bxh5 dxc3 21. bxc3 Bc5+ 22. Kh1 f5 23. e5 Nd5 24. Bd2 Be3 25. Bxe3 Nxe3 26. Rf3 Nc2 27. Ra2 Rad8 28. h3 Ne1 29. Rf1 Nd3 30. Rxa7 Rd7 31. Be2 Nc5 32. b4 Ne4 33. Bc4 Ng3+ 34. Kg1 Nxf1 35. Bxe6+ Rdf7 36. Rxb7 Ng3 37. Bxf7+ Rxf7 38. Rb6 Ne2+ 39. Kf2 Nxc3 40. Rc6 Nd5 41. Rc4 Rb7 42. Rd4 Nxb4 43. g4 fxg4 44. hxg4 Nc2 45. Kf3 Nxd4+ 0-1

[Event "Windsor NAYCC U14"]
[Site "Windsor"]
[Date "2016.08.11"]
[Round "8.68"]
[White "Feng, Richard"]
[Black "Bu, Kevin1111"]
[Result "0-1"]
[WhiteElo "1679"]
[BlackElo "1948"]
[PlyCount "96"]
[EventDate "2016.08.07"]
[EventType "swiss"]
[EventRounds "9"]
[EventCountry "CAN"]
[SourceTitle "EXT 2022"]
[Source "ChessBase"]
[SourceDate "2021.10.06"]
[SourceVersion "1"]
[SourceVersionDate "2021.10.06"]
[SourceQuality "1"]

1. e4 Nf6 2. e5 Nd5 3. Nc3 Nxc3 4. dxc3 d6 5. Nf3 Nc6 6. Bf4 a6 7. Bc4 e6 8. Qe2 d5 9. 0-0-0 Bd7 10. Bd3 b5 11. h4 Na5 12. Ng5 h6 13. Nh7 c5 14. Qh5 Qe7 15. Bxh6 gxh6 16. Rh3 c4 17. Be4 0-0-0 18. Nxf8 dxe4 19. Nxd7 Rxd7 20. Re1 Qc5 21. Rhe3 f5 22. Qg6 Qxe5 23. f3 Rg7 24. Qh5 Rxg2 25. fxe4 Qh2 26. R1e2 Rxe2 27. Qxe2 Qxe2 28. Rxe2 fxe4 29. Rxe4 Kd7 30. Kd2 Nc6 31. Ke3 Rg8 32. Kf3 e5 33. Re1 Ke6 34. Rd1 h5 35. a4 Rg4 36. Rh1 e4+ 37. Ke3 Ke5 38. Rh2 bxa4 39. Ke2 Ne7 40. Ke3 Nf5+ 41. Kf2 Kf4 42. Ke2 e3 43. Kf1 Kf3 44. b3 e2+ 45. Rxe2 Ng3+ 46. Ke1 Nxe2 47. b4 Ke3 48. b5 Rg1# 0-1

[Event "Windsor NAYCC U14"]
[Site "Windsor"]
[Date "2016.08.10"]
[Round "6.73"]
[White "Feng, Richard"]
[Black "Zhang, Zhehai"]
[Result "1/2-1/2"]
[WhiteElo "1679"]
[BlackElo "1678"]
[PlyCount "189"]
[EventDate "2016.08.07"]
[EventType "swiss"]
[EventRounds "9"]
[EventCountry "CAN"]
[SourceTitle "EXT 2022"]
[Source "ChessBase"]
[SourceDate "2021.10.06"]
[SourceVersion "1"]
[SourceVersionDate "2021.10.06"]
[SourceQuality "1"]

1. e4 c5 2. Nc3 e6 3. f4 d5 4. Nf3 Nc6 5. Bb5 Nge7 6. exd5 Nxd5 7. Ne5 Bd7 8. Bxc6 Bxc6 9. Nxc6 bxc6 10. 0-0 Be7 11. f5 exf5 12. Rxf5 0-0 13. d3 Nxc3 14. bxc3 Bf6 15. Bd2 Re8 16. Qg4 Re5 17. Raf1 Rxf5 18. Qxf5 Qd6 19. Be3 Qe5 20. Qxe5 Bxe5 21. Bxc5 Bxc3 22. Rb1 h6 23. Rb3 Bd2 24. Rb7 a5 25. Rc7 Ra6 26. a4 Bb4 27. Bd4 Bd6 28. Rd7 Ba3 29. Rc7 Bd6 30. Rd7 Ba3 31. Rc7 Bd6 32. Rc8+ Kh7 33. c4 Bb4 34. Kf2 Kg6 35. Rg8 f6 36. g4 c5 37. Be3 Rd6 38. Ke2 Rc6 39. h4 Kf7 40. Rd8 g5 41. h5 Kg7 42. Rd7+ Kg8 43. Rd8+ Kg7 44. Rd7+ Kg8 45. Kf3 Re6 46. Rd5 Rc6 47. Rd8+ Kg7 48. Rd7+ Kg8 49. Rd5 Rc7 50. Rd8+ Kg7 51. Rd5 Kf7 52. Rf5 Rd7 53. Rd5 Rc7 54. Kf2 Kg7 55. Kf3 Kf7 56. Bf2 Kg7 57. Be3 Kf7 58. Bf2 Kg7 59. Be3 Kf7 60. Bf2 Kg7 61. Bg1 Kf7 62. Bf2 Kg7 63. Ke4 Kf7 64. Kf5 Ba3 65. Rd6 Bb2 66. Rd5 Ba3 67. Be1 Bb4 68. Bf2 Ba3 69. Rd6 Bb2 70. Rd5 Ba3 71. Be1 Bb4 72. Bf2 Ba3 73. Ke4 Re7+ 74. Kf3 Rc7 75. Ke4 Re7+ 76. Kf3 Rc7 77. Rd6 Bb4 78. Ke4 Re7+ 79. Kd5 Re2 80. Bg1 Rg2 81. Bxc5 Bxc5 82. Kxc5 Rxg4 83. Kd5 Rh4 84. c5 g4 85. c6 Rxh5+ 86. Kc4 g3 87. c7 Rh1 88. Kd5 Rc1 89. Rd7+ Kg6 90. Kd6 g2 91. Rd8 Kf7 92. Rd7+ Kg6 93. Rd8 Kf7 94. Rd7+ Kg6 95. Rd8 1/2-1/2

[Event "Windsor NAYCC U14"]
[Site "Windsor"]
[Date "2016.08.09"]
[Round "5.74"]
[White "Guan, Zi Yu"]
[Black "Feng, Richard"]
[Result "0-1"]
[WhiteElo "1513"]
[BlackElo "1679"]
[PlyCount "108"]
[EventDate "2016.08.07"]
[EventType "swiss"]
[EventRounds "9"]
[EventCountry "CAN"]
[SourceTitle "EXT 2022"]
[Source "ChessBase"]
[SourceDate "2021.10.06"]
[SourceVersion "1"]
[SourceVersionDate "2021.10.06"]
[SourceQuality "1"]

1. e4 c5 2. Nf3 d6 3. d4 cxd4 4. Nxd4 Nf6 5. Nc3 g6 6. Bc4 Bg7 7. f3 0-0 8. Be3 Nc6 9. Qd2 Bd7 10. 0-0-0 Rb8 11. Nxc6 bxc6 12. Bh6 Be6 13. Bxe6 fxe6 14. Bxg7 Kxg7 15. g4 Qb6 16. b3 c5 17. h4 c4 18. h5 cxb3 19. cxb3 Rbc8 20. Kb2 Qc5 21. hxg6 hxg6 22. Qd4 Qxd4 23. Rxd4 Nxg4 24. fxg4 Rf2+ 25. Ka3 Rxc3 26. e5 d5 27. Ra4 Rcc2 28. Ra1 Rc7 29. Ra6 Kf7 30. Rh1 Rcc2 31. Ra1 Rc7 32. Rh1 d4 33. Rh7+ Kg8 34. Rh3 Rcc2 35. Kb4 Rf4 36. Rd3 Rc7 37. Rxe6 Kf7 38. Ra6 Rxg4 39. Kb5 Re4 40. Rf3+ Kg7 41. Re6 g5 42. Rf5 d3 43. Rxg5+ Kf7 44. Reg6 d2 45. e6+ Rxe6 46. Rg7+ Ke8 47. Rd5 Re5 48. Rxe5 d1Q 49. Rgg5 Qd3+ 50. Ka4 Qd4+ 51. b4 Qb2 52. Ra5 Qxa2+ 53. Kb5 Qc4+ 54. Ka4 a6 0-1

[Event "CAN-ch U10"]
[Site "Windsor"]
[Date "2016.07.08"]
[Round "6.85"]
[White "Feng, Richard"]
[Black "Ivanescu, Mark"]
[Result "0-1"]
[WhiteElo "761"]
[BlackElo "1603"]
[PlyCount "30"]
[EventDate "2016.07.05"]
[EventType "swiss"]
[EventRounds "7"]
[EventCountry "CAN"]
[SourceTitle "EXT 2022"]
[Source "ChessBase"]
[SourceDate "2021.10.06"]
[SourceVersion "1"]
[SourceVersionDate "2021.10.06"]
[SourceQuality "1"]

1. d4 Nf6 2. c4 g6 3. Nc3 d5 4. Bf4 c6 5. Qc2 Bg7 6. 0-0-0 0-0 7. f3 a5 8. cxd5 Nxd5 9. Nxd5 cxd5 10. h4 Nc6 11. a3 Bd7 12. e3 Rc8 13. Kb1 Nxd4 14. Qd3 Qb6 15. Rd2 Bb5 0-1

[Event "CAN-ch U10"]
[Site "Windsor"]
[Date "2016.07.06"]
[Round "2.88"]
[White "Guipi Bopala, Prince Eric Jr"]
[Black "Feng, Richard"]
[Result "1-0"]
[WhiteElo "1499"]
[BlackElo "761"]
[PlyCount "115"]
[EventDate "2016.07.05"]
[EventType "swiss"]
[EventRounds "7"]
[EventCountry "CAN"]
[SourceTitle "EXT 2022"]
[Source "ChessBase"]
[SourceDate "2021.10.06"]
[SourceVersion "1"]
[SourceVersionDate "2021.10.06"]
[SourceQuality "1"]

1. d4 Nf6 2. c4 g6 3. Nc3 Bg7 4. e4 d6 5. f3 0-0 6. Be3 e5 7. Nge2 Re8 8. Qd2 Nbd7 9. Rd1 Nb6 10. b3 a5 11. dxe5 Rxe5 12. Bxb6 cxb6 13. Qxd6 Qxd6 14. Rxd6 Re6 15. Nf4 Ne8 16. Rd8 Re5 17. Ncd5 Rb8 18. Nxb6 Bh6 19. Nfd5 Kg7 20. Nd7 Bxd7 21. Rxb8 Nf6 22. Nxf6 Kxf6 23. Rxb7 Be6 24. Rb5 Bf8 25. Bd3 Bd7 26. Rb6+ Re6 27. Rxe6+ fxe6 28. Ke2 Bb4 29. Rc1 Bc6 30. Rd1 e5 31. g3 g5 32. Bc2 Ke7 33. Rh1 h5 34. h4 Kf6 35. Kd3 Bc5 36. Bd1 Be8 37. hxg5+ Kxg5 38. f4+ exf4 39. gxf4+ Kxf4 40. Bxh5 Bc6 41. Bg6 Ke5 42. Bf5 Kf4 43. Rh4+ Ke5 44. Rh6 Bb7 45. Rh5 Kf4 46. Bh7 Bb4 47. Rb5 Bc6 48. Rxb4 axb4 49. Kd4 Bxe4 50. Bxe4 Kg5 51. Kc5 Kf6 52. Kd6 Kf7 53. c5 Ke8 54. c6 Kd8 55. c7+ Kc8 56. Bf5+ Kb7 57. c8Q+ Kb6 58. Qb8+ 1-0

[Event "North American-ch U20"]
[Site "Kitchener"]
[Date "2015.07.29"]
[Round "6"]
[White "Liu, Zhanhe"]
[Black "Feng, Richard"]
[Result "1-0"]
[WhiteElo "1753"]
[BlackElo "1656"]
[PlyCount "39"]
[EventDate "2015.07.26"]
[EventType "swiss"]
[EventRounds "9"]
[EventCountry "CAN"]
[SourceTitle "EXT 2019"]
[Source "ChessBase"]
[SourceDate "2018.10.10"]
[SourceVersion "1"]
[SourceVersionDate "2018.10.10"]
[SourceQuality "1"]

1. e4 c5 2. Nf3 d6 3. d4 cxd4 4. Nxd4 Nf6 5. Nc3 g6 6. Be3 Bg7 7. f3 0-0 8. Qd2 Nc6 9. 0-0-0 d5 10. Kb1 Rb8 11. g4 e5 12. Nxc6 bxc6 13. Bxa7 Ra8 14. Bc5 Qa5 15. Bxf8 Bxf8 16. exd5 cxd5 17. a3 Bxa3 18. Nxd5 Bb4 19. Nxf6+ Kg7 20. Nh5+ 1-0

[Event "North American-ch U20"]
[Site "Kitchener"]
[Date "2015.07.28"]
[Round "4"]
[White "Feng, Richard"]
[Black "Nasir, Zehn"]
[Result "0-1"]
[WhiteElo "1656"]
[BlackElo "2035"]
[PlyCount "52"]
[EventDate "2015.07.26"]
[EventType "swiss"]
[EventRounds "9"]
[EventCountry "CAN"]
[SourceTitle "EXT 2019"]
[Source "ChessBase"]
[SourceDate "2018.10.10"]
[SourceVersion "1"]
[SourceVersionDate "2018.10.10"]
[SourceQuality "1"]

1. e4 c6 2. d4 d5 3. exd5 cxd5 4. Bd3 Nc6 5. c3 Qc7 6. h3 e6 7. Nf3 Bd6 8. Nbd2 Bd7 9. 0-0 Nge7 10. Qe2 Ng6 11. Bxg6 hxg6 12. Ng5 0-0 13. g3 Rae8 14. Qg4 f6 15. Ngf3 Ne7 16. Nh2 e5 17. Qf3 Bxh3 18. Re1 e4 19. Qe2 Nf5 20. Ndf1 e3 21. Bxe3 Nxe3 22. fxe3 Bxg3 23. Rec1 Bxh2+ 24. Nxh2 Qg3+ 25. Kh1 Rxe3 26. Qd2 Bf5 0-1

[Event "Francophone-ch 3rd"]
[Site "Montreal"]
[Date "2015.07.21"]
[Round "5"]
[White "Feng, Richard"]
[Black "Zouaoui, Mohamed"]
[Result "0-1"]
[WhiteElo "1656"]
[BlackElo "1807"]
[PlyCount "62"]
[EventDate "2015.07.17"]
[EventType "swiss"]
[EventRounds "9"]
[EventCountry "CAN"]
[SourceTitle "EXT 2016"]
[Source "ChessBase"]
[SourceDate "2015.10.08"]
[SourceVersion "1"]
[SourceVersionDate "2015.10.08"]
[SourceQuality "1"]

1. e4 g6 2. Nc3 Bg7 3. d4 c5 4. Nf3 cxd4 5. Nxd4 Nc6 6. Be3 Nf6 7. f3 d6 8. Qd2 Bd7 9. g4 Rc8 10. 0-0-0 Ne5 11. Bh6 Bxh6 12. Qxh6 Rxc3 13. bxc3 Qa5 14. Kb2 Qb6+ 15. Ka1 Qa5 16. Kb2 Qb6+ 17. Ka1 Qa5 18. Qe3 0-0 19. Nb3 Qa3 20. Be2 Be6 21. g5 Nfd7 22. f4 Nc4 23. Bxc4 Bxc4 24. Rd4 b5 25. f5 Ne5 26. f6 Re8 27. h4 exf6 28. gxf6 Re6 29. h5 d5 30. exd5 Ra6 31. Kb1 Bxb3 0-1

[Event "CAN-ch U10"]
[Site "Windsor"]
[Date "2015.07.09"]
[Round "6.109"]
[White "Derevyanko, Andrew"]
[Black "Feng, Richard"]
[Result "1/2-1/2"]
[WhiteElo "842"]
[BlackElo "831"]
[PlyCount "38"]
[EventDate "2015.07.06"]
[EventType "swiss"]
[EventRounds "7"]
[EventCountry "CAN"]
[SourceTitle "EXT 2022"]
[Source "ChessBase"]
[SourceDate "2021.10.06"]
[SourceVersion "1"]
[SourceVersionDate "2021.10.06"]
[SourceQuality "1"]

1. e4 c5 2. Nf3 e6 3. d4 Nf6 4. Nc3 Nc6 5. Bf4 Be7 6. e5 Nd5 7. Nxd5 exd5 8. Be2 0-0 9. 0-0 d6 10. dxc5 dxc5 11. Re1 f6 12. c4 d4 13. g3 Qc7 14. exf6 Bd6 15. Bxd6 Qxd6 16. fxg7 Kxg7 17. Bd3 Bf5 18. Rc1 Nb4 19. Bxf5 Rxf5 1/2-1/2

[Event "CAN-ch U12"]
[Site "Windsor"]
[Date "2015.07.07"]
[Round "3.51"]
[White "Feng, Richard"]
[Black "Vettese, Nicholas"]
[Result "0-1"]
[WhiteElo "1809"]
[BlackElo "2316"]
[PlyCount "108"]
[EventDate "2015.07.06"]
[EventType "swiss"]
[EventRounds "7"]
[EventCountry "CAN"]
[SourceTitle "EXT 2022"]
[Source "ChessBase"]
[SourceDate "2021.10.06"]
[SourceVersion "1"]
[SourceVersionDate "2021.10.06"]
[SourceQuality "1"]

1. e4 c5 2. Nc3 d6 3. Bb5+ Bd7 4. Bxd7+ Qxd7 5. f4 Nc6 6. Nf3 g6 7. d3 Bg7 8. 0-0 e6 9. Qe1 Nge7 10. e5 dxe5 11. fxe5 Nxe5 12. Nxe5 Qd4+ 13. Be3 Qxe5 14. Qf2 Qxe3 15. Qxe3 Bd4 16. Qxd4 cxd4 17. Nb5 0-0 18. Nxd4 Rac8 19. Rf2 Rfd8 20. Nf3 Nd5 21. Ng5 Rd7 22. Ne4 Kg7 23. Ng5 Ne3 24. Re1 Nxc2 25. Rc1 Rdc7 26. Nxf7 Nb4 27. Rxc7 Rxc7 28. Ng5 Re7 29. Re2 Nxd3 30. Nxe6+ Kf6 31. Rd2 Nxb2 32. Nf4 Nc4 33. Nd5+ Kg5 34. Rd4 Rd7 35. h4+ Kh6 36. Rxc4 Rxd5 37. Rc7 Ra5 38. Rxb7 Rxa2 39. g4 g5 40. hxg5+ Kg6 41. Kf1 a5 42. Ke1 a4 43. Kd1 Rg2 44. Rb6+ Kxg5 45. Rb5+ Kf6 46. Rb6+ Ke5 47. Kc1 a3 48. Ra6 a2 49. Ra5+ Kf4 50. Ra4+ Kg5 51. Ra5+ Kxg4 52. Ra4+ Kh3 53. Ra3+ Kh2 54. Ra4 a1Q+ 0-1